Mapeo de regiones genómicas determinantes del rendimiento y sus componentes en Triticum turgidum L. var. durum en diferentes ambientes /
Guardado en:
| Otros Autores: | , , |
|---|---|
| Formato: | Manuscrito |
| Idioma: | Spanish |
| Publicado: |
2009.
|
| Materias: | |
| Acceso en línea: | Texto completo |
| Etiquetas: |
Agregar Etiqueta
Sin Etiquetas, Sea el primero en etiquetar este registro!
|
| LEADER | 01408ntm a22003255a 4500 | ||
|---|---|---|---|
| 001 | EEA.libagro009332 | ||
| 005 | 20150824090533.0 | ||
| 008 | 110322s2009####ag#a#####bm###000#0#spa#d | ||
| 082 | 0 | 4 | |a 040 |2 15 |
| 082 | 0 | 4 | |a 633.1 |2 15 |
| 100 | 1 | |a Akkiraju, Pavan Chand. |4 dis | |
| 245 | 1 | 0 | |a Mapeo de regiones genómicas determinantes del rendimiento y sus componentes en Triticum turgidum L. var. durum en diferentes ambientes / |c Pavan Chand Akkiraju. |
| 260 | |c 2009. | ||
| 300 | |a xxvii, 211 h. : |b il. ; |c 30 cm. | ||
| 500 | |a "Tesis para optar al grado de Doctor en Agronomía". | ||
| 500 | |a Directores de tesis: Viviana Echenique y Gerardo Cervigni. | ||
| 502 | |a Tesis (doctoral)--Universidad Nacional del Sur. Departamento de Agronomía, 2010. | ||
| 504 | |a Incluye referencias bibliográficas. | ||
| 530 | |a Disponible el resumen, abstract y bibliografía en formato digital. | ||
| 650 | 7 | |a Cultivos. |2 unbist | |
| 650 | 7 | |a Cereales. |2 unbist | |
| 650 | 7 | |a Trigo. |2 unbist | |
| 650 | 7 | |a Fitogenética. |2 unbist | |
| 650 | 7 | |a Mejoramiento genético vegetal. |2 unbist | |
| 653 | |a Trigo candeal | ||
| 700 | 1 | |a Echenique, Viviana. |4 ths | |
| 700 | 1 | |a Cervigni, Gerardo. |4 ths | |
| 710 | 2 | |a Universidad Nacional del Sur. |b Departamento de Agronomía. |4 dgg. | |
| 856 | |u http://repositoriodigital.uns.edu.ar/handle/123456789/2114 |3 Texto completo | ||
| 859 | |a AR-BbBCA |b BIB. AGRONOMIA |h 040 |i B148 2010-1051 |p 121939/011 | ||
